000 00782cab a2200265 4500
001 WB3311-05
008 090401t1997 xxu||||| |||| 00| 0 eng d
035 _a(Sirsi) u77101
041 _aeng
245 _aLabour targets asbestos
260 _c1997
350 _a0
490 _aConstruction News
_v(6506) 13 March 1997, 5(1)
520 _aLabour MPs are pressing for tighter laws on importing asbestos and its removal by contractors.
650 _aMANAGEMENT-HEALTH AND SAFETY-HAZARDOUS SUBSTANCES-ASBESTOS
650 _aCONTRACTORS
650 _aHEALTH AND SAFETY
_96244
650 _aHEALTH HAZARDS
650 _aIMPORTS
650 _aLABOUR PARTY
650 _aREMOVAL
690 _aBUILT ENVIRONMENT-BUILDING STANDARDS
942 _n0
948 _c14/03/1997
999 _c48462
_d48462